WNBA Finals Winners, Losers, and Finals MVPs - Statistics

General Stats
  • This quiz has been taken 8 times
  • The average score is 24 of 87
Answer Stats
Hint Answer % Correct
2025 Las Vegas Aces
100%
2025 Phoenix Mercury
71%
2025 A'ja Wilson
57%
2023 A'ja Wilson
57%
2020 Breanna Stewart
57%
2022 Chelsea Gray
57%
2023 Las Vegas Aces
57%
2022 Las Vegas Aces
57%
2024 Minnesota Lynx
57%
2024 New York Liberty
57%
2023 New York Liberty
57%
2021 Phoenix Mercury
57%
2020 Seattle Storm
57%
2018 Breanna Stewart
43%
2021 Chicago Sky
43%
2022 Connecticut Sun
43%
2019 Connecticut Sun
43%
2000 Houston Comets
43%
1999 Houston Comets
43%
1998 Houston Comets
43%
1997 Houston Comets
43%
2012 Indiana Fever
43%
2024 Jonquel Jones
43%
2020 Las Vegas Aces
43%
2002 Los Angeles Sparks
43%
2001 Los Angeles Sparks
43%
2017 Minnesota Lynx
43%
2015 Minnesota Lynx
43%
2013 Minnesota Lynx
43%
2011 Minnesota Lynx
43%
2018 Seattle Storm
43%
2019 Washington Mystics
43%
2016 Candace Parker
29%
2000 Cynthia Cooper
29%
1999 Cynthia Cooper
29%
1998 Cynthia Cooper
29%
1997 Cynthia Cooper
29%
2014 Diana Taurasi
29%
2015 Indiana Fever
29%
2021 Kahlea Copper
29%
2016 Los Angeles Sparks
29%
2013 Maya Moore
29%
2016 Minnesota Lynx
29%
2012 Minnesota Lynx
29%
2014 Phoenix Mercury
29%
2009 Phoenix Mercury
29%
2007 Phoenix Mercury
29%
2010 Seattle Storm
29%
2004 Seattle Storm
29%
2017 Sylvia Fowles
29%
2018 Washington Mystics
29%
2014 Chicago Sky
14%
2005 Connecticut Sun
14%
2004 Connecticut Sun
14%
2008 Detroit Shock
14%
2006 Detroit Shock
14%
2003 Detroit Shock
14%
2019 Emma Meesseman
14%
2010 Lauren Jackson
14%
2002 Lisa Leslie
14%
2001 Lisa Leslie
14%
2003 Los Angeles Sparks
14%
2000 New York Liberty
14%
1999 New York Liberty
14%
1997 New York Liberty
14%
2006 Sacramento Monarchs
14%
2005 Sacramento Monarchs
14%
2011 Seimone Augustus
14%
2015 Sylvia Fowles
14%
2012 Tamika Catchings
14%
2013 Atlanta Dream
0%
2011 Atlanta Dream
0%
2010 Atlanta Dream
0%
2004 Betty Lennox
0%
2007 Cappie Pondexter
0%
2001 Charlotte Sting
0%
2006 Deanna Nolan
0%
2007 Detroit Shock
0%
2009 Diana Taurasi
0%
2009 Indiana Fever
0%
2008 Katie Smith
0%
2017 Los Angeles Sparks
0%
2002 New York Liberty
0%
1998 Phoenix Mercury
0%
2003 Ruth Riley
0%
2008 San Antonio Silver Stars
0%
2005 Yolanda Griffith
0%
No matching quizzes found
Score Distribution
Percent of People with Each Score
Percentile by Number Answered
Your Score History
You have not taken this quiz